BSOP header

Greek for the rest of us : (Record no. 53155)

MARC details
000 -LEADER
fixed length control field 01377cam a2200325Ka 4500
001 - CONTROL NUMBER
control field 00051345
003 - CONTROL NUMBER IDENTIFIER
control field OCoLC
005 - DATE AND TIME OF LATEST TRANSACTION
control field 20240805195827.0
008 - FIXED-LENGTH DATA ELEMENTS--GENERAL INFORMATION
fixed length control field 111124s2003 miua 000 0 eng
020 ## - INTERNATIONAL STANDARD BOOK NUMBER
International Standard Book Number 0310282896 :
Terms of availability US16.24
020 ## - INTERNATIONAL STANDARD BOOK NUMBER
International Standard Book Number 9780310282891
035 ## - SYSTEM CONTROL NUMBER
System control number ocn182961110
035 ## - SYSTEM CONTROL NUMBER
System control number (OCoLC)182961110
Canceled/invalid control number (OCoLC)154799226
040 ## - CATALOGING SOURCE
Original cataloging agency CFT
Transcribing agency CFT
Modifying agency BTCTA
-- BAKER
-- CHC
-- YDXCP
-- C2S
042 ## - AUTHENTICATION CODE
Authentication code nbic
049 ## - LOCAL HOLDINGS (OCLC)
Holding library C2SA
100 1# - MAIN ENTRY--PERSONAL NAME
Personal name Mounce, William D.
245 10 - TITLE STATEMENT
Title Greek for the rest of us :
Remainder of title using Greek tools without mastering biblical languages /
Statement of responsibility, etc William D. Mounce.
246 34 - VARYING FORM OF TITLE
Title proper/short title Greek for the rest of us: using Greek tools without mastering Biblical Greek.
260 ## - PUBLICATION, DISTRIBUTION, ETC. (IMPRINT)
Place of publication, distribution, etc Grand Rapids, Mich. :
Name of publisher, distributor, etc Zondervan,
Date of publication, distribution, etc c2003.
300 ## - PHYSICAL DESCRIPTION
Extent xx, 289 p. :
Other physical details ill. ;
Dimensions 23 cm.
336 ## - CONTENT TYPE
Content Type Term text
337 ## - MEDIA TYPE
Media Type Term unmediated
338 ## - CARRIER TYPE
Carrier Type Term volume
500 ## - GENERAL NOTE
General note Cover title: Greek for the rest of us: using Greek tools without mastering Biblical Greek.
505 0# - FORMATTED CONTENTS NOTE
Formatted contents note Preface--<br/>Abbreviations--<br/>What would it look like if you knew a little Greek?--<br/>1.Getting Acquainted with Greek--<br/>2.The Building Blocks of Language--<br/>3.How Do We Modify Ideas?--<br/>4.How Do We Describe Action?--<br/>5.What Else is in Verb?--<br/>6.How Do We Describe Things?--<br/>Appendix.-
630 00 - SUBJECT ADDED ENTRY--UNIFORM TITLE
Uniform title Bible.
Name of part/section of a work N.T.
General subdivision Language, style.
650 #0 - SUBJECT ADDED ENTRY--TOPICAL TERM
Topical term or geographic name as entry element Greek language, Biblical
General subdivision Grammar.
942 ## - ADDED ENTRY ELEMENTS (KOHA)
Source of classification or shelving scheme Library of Congress Classification
Item type Books
Holdings
Withdrawn status Lost status Source of classification or shelving scheme Damaged status Not for loan Home library Current library Shelving location Date acquired Inventory number Total Checkouts Full call number Barcode Date last seen Price effective from Koha item type
    Library of Congress Classification     BSOP Library BSOP Library Reference 08/05/2024 49996   PA817 M86 2003 00058510 08/05/2024 08/05/2024 Books
    Library of Congress Classification     BSOP Library BSOP Library GC 09/18/2025 48969   PA817 M86 2003 00061922 09/18/2025 09/18/2025 Books
BSOP

Biblical Seminary of the Philippines
  All rights Reserved
  © 2024

CONTACT INFORMATION

Biblical Seminary of the Philippines,
  77-B Karuhatan Road, Valenzuela City,
  PHILIPPINES 1441
  Phone: +632 8292-6795 / 8292-6798
  Fax : +632 8292-6675
  Email: library@bsop.edu.ph